Normal view
MARC view
- Chavan, U.D
Entry Personal Name
001 - CONTROL NUMBER
- control field: 329
003 - CONTROL NUMBER IDENTIFIER
- control field: OSt
005 - DATE AND TIME OF LATEST TRANSACTION
- control field: 20160608161225.0
008 - FIXED-LENGTH DATA ELEMENTS
- fixed length control field: 160608|| aca||aabn | a|a d
040 ## - CATALOGING SOURCE
- Original cataloging agency: OSt
- Transcribing agency: OSt
100 ## - HEADING--PERSONAL NAME
- Personal name: Chavan, U.D
670 ## - SOURCE DATA FOUND
- Source citation: Work cat.: (OSt): Chavan, U.D Pawar, V. D, Postharvest Management and Processing Technology: Cereals, Pulses, Oilseeds, Fruits and Vegetables, 2012
